| 000 | 01002naa a22002297i 4500 | ||
|---|---|---|---|
| 001 | 232281 | ||
| 003 | ES-MaBCM | ||
| 005 | 20260216130625.0 | ||
| 008 | 260216s2025 sp ||||| |||| 00| 0 spa d | ||
| 040 | _cES-MaBCM | ||
| 100 | 1 |
_aLópez Doblas, Juan _969357 |
|
| 245 | 1 | 4 |
_a«La pandemia nos ha pasado factura» : _bla salud mental de las personas mayores viviendo solas en tiempos de la COVID-19 = «The pandemic has taken its toll on us» : the mental health of older people living alone in times of COVID-19 _cJuan López Doblas, María del Pilar Díaz Conde |
| 500 | _aContiene tablas | ||
| 504 | _aBibliografía: p. 163-166 | ||
| 650 | 7 |
_aEpidemia _958578 |
|
| 650 | 0 |
_aEnfermedad por coronavirus _9129538 |
|
| 650 | 7 |
_aEnfermedad mental _958553 |
|
| 650 | 7 |
_aTercera edad _960601 |
|
| 700 |
_aDíaz Conde, María del Pilar _9117208 |
||
| 773 | 0 |
_dMadrid _gN. 192 (oct.-dic. 2025), p. 149-166 - Loc. S.031 _tREIS revista española de investigaciones sociológicas _w104569 |
|
| 942 |
_2udc _cAREV |
||
| 999 |
_c232281 _d232281 |
||